Biggest Cities in the Americas by Region on a Map - Statistics

General Stats
  • This quiz has been taken 282 times
    149 since last reset
  • The average score is 31 of 40
Answers on the Map
Answers color-coded by a green-red scale on the quiz's map according to % correct below.
 
Answer Stats
Division Population Answer % Correct
Central America 25.1m Mexico City
99%
Northern America 22.0m New York City
98%
South America 11.8m Lima
97%
Northern America 9.65m Chicago
96%
Northern America 17.2m Los Angeles
96%
South America 12.5m Rio de Janeiro
96%
South America 22.1m São Paulo
96%
South America 10.4m Bogotá
95%
South America 16.7m Buenos Aires
95%
Northern America 7.45m San Francisco
94%
South America 8.25m Santiago
94%
Northern America 7.70m Boston
93%
South America 3.98m Brasília
93%
Caribbean 2.23m Havana
92%
Northern America 7.50m Philadelphia
92%
Northern America 7.70m Toronto
92%
Northern America 7.65m Dallas / Fort Worth
91%
Northern America 7.05m Houston
90%
Northern America 8.55m Washington / Baltimore
90%
Caribbean 663k Kingston
88%
Caribbean 3.85m Santo Domingo
87%
Central America 3.35m Guatemala City
85%
Central America 5.85m Guadalajara
83%
Central America 6.00m Monterrey
83%
Caribbean 3.63m Port-au-Prince
83%
Central America 2.45m San José
83%
Central America 2.25m Tijuana
82%
South America 4.28m Medellín
79%
Central America 1.96m San Salvador
79%
Caribbean 296k Nassau
78%
South America 4.93m Belo Horizonte
73%
Caribbean 1.91m San Juan
70%
South America 3.93m Porto Alegre
64%
Central America 4.23m Puebla
63%
Central America 2.28m Léon
45%
Caribbean 507k Santiago de Cuba
40%
Central America 2.68m Toluca
30%
Caribbean 323k Camagüey
23%
Caribbean 772k Santiago de los Caballeros
21%
Caribbean 355k Holguin
18%
No matching quizzes found
Score Distribution
Percent of People with Each Score
Percentile by Number Answered
Your Score History
You have not taken this quiz since the last reset